<?xml version="1.0" encoding="UTF-8"?>
<record
    xmlns:xsi="http://www.w3.org/2001/XMLSchema-instance"
    xsi:schemaLocation="http://www.loc.gov/MARC21/slim http://www.loc.gov/standards/marcxml/schema/MARC21slim.xsd"
    xmlns="http://www.loc.gov/MARC21/slim">

  <leader>01513    a2200229   4500</leader>
  <controlfield tag="001">63051</controlfield>
  <controlfield tag="005">20260407155925.0</controlfield>
  <controlfield tag="008">260407a1995    arg                 spa d</controlfield>
  <controlfield tag="003">AR-UNSa-BCEJYS</controlfield>
  <datafield tag="040" ind1=" " ind2=" ">
    <subfield code="a">AR-UNSa-BCEJYS</subfield>
    <subfield code="b">spa</subfield>
    <subfield code="c">AR-UNSa-BCEJYS</subfield>
  </datafield>
  <datafield tag="080" ind1=" " ind2=" ">
    <subfield code="a">37.014.5</subfield>
    <subfield code="x">Pol&#xED;tica de educaci&#xF3;n. Planificaci&#xF3;n del sistema educativo</subfield>
  </datafield>
  <datafield tag="245" ind1="1" ind2="0">
    <subfield code="a">Evaluaci&#xF3;n y cambio educativo</subfield>
    <subfield code="p">An&#xE1;lisis cualitativo del fracaso escolar</subfield>
  </datafield>
  <datafield tag="020" ind1=" " ind2=" ">
    <subfield code="a">978-84-7112-308-4</subfield>
  </datafield>
  <datafield tag="250" ind1=" " ind2=" ">
    <subfield code="a">4a. ed.</subfield>
  </datafield>
  <datafield tag="264" ind1=" " ind2="1">
    <subfield code="a">Madrid :</subfield>
    <subfield code="b">Ediciones Morata</subfield>
    <subfield code="c">1995</subfield>
  </datafield>
  <datafield tag="300" ind1=" " ind2=" ">
    <subfield code="a">316 p.</subfield>
    <subfield code="c">21 cm.</subfield>
  </datafield>
  <datafield tag="505" ind1=" " ind2=" ">
    <subfield code="a">1. An&#xE1;lisis de un "error" perfectamente instalado - 2. Un valioso intento desaprovechado: La evaluaci&#xF3;n cient&#xED;fica (objetiva) que no educa &#x2013; 3. &#xBF;Qu&#xE9; es, pues, lo que falta? &#x2013; 4. Las primeras relaciones y consecuencias pr&#xE1;xicas de la mutaci&#xF3;n cr&#xED;tica &#x2013; 5. Una posible estrategia para el cambio hacia una evaluaci&#xF3;n que eduque &#x2013; 6. Las resistencias psicol&#xF3;gicas y sociol&#xF3;gicas &#x2013; 7. Ejemplos posibles &#x2013; 8. Aproximaci&#xF3;n cualitativa al fracaso escolar &#x2013; 9. Mutaci&#xF3;n pedag&#xF3;gica y cambio de paradigma cient&#xED;fico en la evaluaci&#xF3;n educativa &#x2013; 10. La perspectiva estrat&#xE9;gica de la evaluaci&#xF3;n desde experiencias reales de cambio educativo &#x2013; 11. Fracaso escolar y nueva evaluaci&#xF3;n &#x2013; 12. Ep&#xED;logo para la administraci&#xF3;n Educativa (central y perif&#xE9;rica) &#x2013; 13. Ep&#xED;logo a la tercera edici&#xF3;n.</subfield>
  </datafield>
  <datafield tag="041" ind1=" " ind2=" ">
    <subfield code="a">spa</subfield>
  </datafield>
  <datafield tag="942" ind1=" " ind2=" ">
    <subfield code="c">BK</subfield>
  </datafield>
  <datafield tag="590" ind1=" " ind2=" ">
    <subfield code="a">niveau_biblio:m niveau_hierar:0</subfield>
  </datafield>
  <datafield tag="100" ind1="1" ind2=" ">
    <subfield code="a">Fen&#xE1;ndez P&#xE9;rez, Miguel</subfield>
  </datafield>
  <datafield tag="999" ind1=" " ind2=" ">
    <subfield code="c">7952</subfield>
    <subfield code="d">7952</subfield>
  </datafield>
  <datafield tag="952" ind1=" " ind2=" ">
    <subfield code="0">0</subfield>
    <subfield code="1">0</subfield>
    <subfield code="4">0</subfield>
    <subfield code="7">0</subfield>
    <subfield code="a">BCEJYS</subfield>
    <subfield code="b">BCEJYS</subfield>
    <subfield code="c">16</subfield>
    <subfield code="d">2026-04-07</subfield>
    <subfield code="l">0</subfield>
    <subfield code="o">37.014.5 F331 4ed.</subfield>
    <subfield code="p">L70352</subfield>
    <subfield code="r">2026-04-07 15:59:25</subfield>
    <subfield code="w">2026-04-07</subfield>
    <subfield code="y">L</subfield>
  </datafield>
</record>
